| 000 | 00322nam a2200133 a 4500 | ||
|---|---|---|---|
| 001 | 4187 | ||
| 003 | CDMR | ||
| 005 | 20130116135253.0 | ||
| 008 | 130130s1996||||||||||||||||||||||||||||d | ||
| 040 |
_aCDMR _bcat _cCPC GIRONA |
||
| 245 | 0 | _aCatálogo Publicaciones 1996 | |
| 260 |
_c1996 _bUniversidad del País Vasco |
||
| 942 | _cMON | ||
| 999 |
_c4187 _d4187 |
||